Snow white and other stories / (Record no. 131276)

MARC details
000 -LEADER
fixed length control field 00769nam a22002537a 4500
005 - DATE AND TIME OF LATEST TRANSACTION
control field 20170124110125.0
010 ## - LIBRARY OF CONGRESS CONTROL NUMBER
LC control number B-127725
020 ## - INTERNATIONAL STANDARD BOOK NUMBER
Terms of availability 200.00
International Standard Book Number 8188548162
035 ## - SYSTEM CONTROL NUMBER
System control number B-127725
037 ## - SOURCE OF ACQUISITION
Source of stock number/acquisition Cen Lib/Ret
040 ## - CATALOGING SOURCE
Original cataloging agency DPL
Language of cataloging EN
082 ## - DEWEY DECIMAL CLASSIFICATION NUMBER
Classification number S
Item number SNO
245 ## - TITLE STATEMENT
Title Snow white and other stories /
Statement of responsibility, etc edited by Reema Prashar ; illustrated by Shankar Nayak
250 ## - EDITION STATEMENT
Edition statement 1st ed
260 ## - PUBLICATION, DISTRIBUTION, ETC. (IMPRINT)
Place of publication, distribution, etc Delhi
Name of publisher, distributor, etc Silver Bell
Date of publication, distribution, etc 2006
270 ## - ADDRESS
Address M-72, Punchsheel Garden Navin Shahdra
City Delhi
Postal code 110032
300 ## - PHYSICAL DESCRIPTION
Extent 221p. :
Dimensions 21cm(Hb)
Other physical details ill.
490 ## - SERIES STATEMENT
Series statement Silver Bell Children Classics
650 ## - SUBJECT ADDED ENTRY--TOPICAL TERM
Topical term or geographic name as entry element English -- Fiction
9 (RLIN) 31343
650 ## - SUBJECT ADDED ENTRY--TOPICAL TERM
Topical term or geographic name as entry element Short stories -- Fiction
9 (RLIN) 27025
700 ## - ADDED ENTRY--PERSONAL NAME
Personal name Prashar, Reema
9 (RLIN) 30438
700 ## - ADDED ENTRY--PERSONAL NAME
Personal name Nayak, Shankar
9 (RLIN) 31344
942 ## - ADDED ENTRY ELEMENTS (KOHA)
Source of classification or shelving scheme Dewey Decimal Classification
Koha item type English Books
Classification part S
Call number suffix SNO
Holdings
Withdrawn status Lost status Damaged status Not for loan Home library Current library Date acquired Source of acquisition Cost, normal purchase price Total Checkouts Full call number Barcode Date last seen Date checked out Copy number Cost, replacement price Price effective from Koha item type
        Central Library Central Library 14/07/2015 Cen Lib/Ret 200.00 1 S SNO B-127725 03/10/2017 19/09/2017 1 200.00 14/07/2015 English Books

© Delhi Public Library
Hit Counter
free hit counter